Normal view
MARC view
Entry Personal Name
001 - CONTROL NUMBER
- control field: 168370
003 - CONTROL NUMBER IDENTIFIER
- control field: OSt
005 - DATE AND TIME OF LATEST TRANSACTION
- control field: 20220923225110.0
008 - FIXED-LENGTH DATA ELEMENTS
- fixed length control field: 220923|| aca||aabn | a|a d
040 ## - CATALOGING SOURCE
- Original cataloging agency: OSt
- Transcribing agency: OSt
100 ## - HEADING--PERSONAL NAME
- Personal name: कारापुरकार, राजश्री बांदोडकर
670 ## - SOURCE DATA FOUND
- Source citation: Work cat.: (OSt)376032: कारापुरकार, राजश्री बांदोडकर, विज्ञानयोगी, 2005
